00374 a2200145 450000100060000002000180000608200170002410000200004124500660006125000090012726000320013630000160016850000270018450500170021177528 a9780070660854 a629.1323 AND aJohn D Anderson aFundamentals of Aerodynamics 5th/EdcJohn D AndersonhEnglish a5 th aNew DelhibTata McGraw Hill axxiv 1008 p aDOS BS Reference Books aGifted Books